NYU Classroom Building Codes Quiz Stats

 Plays Quiz not verified by Sporcle

Also try: Everyday Acronyms
Challenge
Share
Tweet
Embed
Score 0/20 Timer 03:00
0 Plays Today
Code % Correct
BOBSBobst Library
92.2%
SILVSilver Center
92.2%
TISCTisch Hall
92.2%
PALLPalladium Residence Hall
86.2%
GODDGoddard Hall
85.3%
BRWNBrown Building
83.4%
COLEColes Sport and Recreation Center
80.2%
WAVEWaverly Building
78.3%
MEYRMeyer Hall
77.9%
194M194 Mercer
75.6%
Code % Correct
CANTCantor Film Center
75.1%
EDUCEducation Building
70%
CIWWCourant Institute
22.1%
BARNBarney Building
20.3%
KJCCKing Juan Carlos Center
19.4%
KEVOKevorkian Center
16.1%
KMECHenry Kaufman Management Center
15.7%
DEUTDeutches Haus
14.3%
SHIMShimkin Hall
13.8%
ERINIreland House
7.4%

You're not logged in!

Compare scores with friends on all Sporcle quizzes.
Join for Free
OR
Log In

You Might Also Like...

Show Comments

Extras

Created Sep 29, 2009SourceReportNominate
Tags:building, classroom, code, nyu

Top Quizzes Today


Score Distribution

Your Account Isn't Verified!

In order to create a playlist on Sporcle, you need to verify the email address you used during registration. Go to your Sporcle Settings to finish the process.

Report this User

Report this user for behavior that violates our Community Guidelines.

Details: